000 00525nam a2200181 a 4500
001 11229
003 CO-ViMGA
008 141112s2004 ck r 000 u spa d
040 _aCO-ViMGA
_bspa
_cCO-ViMGA
082 0 4 _aU860.4 V37oL
100 1 _aVerani, Hugo
_915650
245 1 0 _aOnetti :
_bel ritual de la impostura
260 _aCaracas,
_cMonte Avila editores,
_c1981
300 _a333 p.
490 _aColección estudios
650 1 4 _aONETTI JUAN CARLOS 1909 - 1994 - CRITICA E INTERPRETACION
_915651
942 _2ddc
_cBK
999 _c22439
_d22439